000 00313pab a2200121 454500
008 180718b xxu||||| |||| 00| 0 eng d
100 _aDasgupta Gurudas
245 _aAbuse of power
362 _a6 Dec 1994, p.8; 7 Dec 1994, p.8
650 _aIndia -- Politics and Government
773 _aStatesman
909 _a27880
999 _c27880
_d27880